000 00665nam a2200205Ia 4500
001 11828
003 GE_BSU
008 181216s||||||||xx |||||||||||||| ||und||
040 _cGE_BSU
080 _a636.5
100 _aნიკიტინი,ვ.პ.
245 _aმეფრინველეობა
245 _cთარგმ.ნ.ა.ანთაძისა და ნ.ო.მელითაურისა.რედ. ნ.ანთაძე
260 _aთბილისი
260 _bსახელგამი
260 _c1949
300 _a705გვ.22სმ.ილ.
653 _aმეფრინველეობა
942 _cBK
999 _c45007
_d45007